| 000 | 01131nam a2200169 4500 | ||
|---|---|---|---|
| 999 |
_c3571 _d3571 |
||
| 020 | _a9780070249073 | ||
| 050 | _aHG4521 | ||
| 100 | _a Prasanna Chandra | ||
| 245 | _a Close Investment analysis and portfolio management | ||
| 260 |
_a New York : _a London _b : McGraw-Hill [distributor], _bMcGraw-Hill Professional ; _c 2009. |
||
| 300 |
_a xxii, 734 pages. _bill _c26cm |
||
| 440 | _a CFM-Mcgraw-Hill Professional Series in France. | ||
| 500 | _a Includes index. | ||
| 505 | _a Introduction Overview Investment Alternatives Securities Market Risk and Return Portfolio Theory Pricing Theory Efficient Market Hypothesis The Irrational Influences Bond Prices and Yields Bond Portfolio Management Equity Valuation Macroeconomic and Industry Analysis Company Analysis Technical Analysis Options Futures Mutual Funds Investment in Real Assets Portfolio Management Framework The Grand Design Guidelines for Investment Decisions Strategies of the Great Masters International Investing Appendix A: Tables Appendix B: Regression Analysis Appendix C: Tax Aspects of Investments | ||
| 650 | _a Investment analysis. | ||
| 942 | _cBK | ||